[Event "AUTO-INT-3949"]
[Site "http://www.queenalice.com/game.php?id=1864879"]
[Date "2025.10.29"]
[Round "1"]
[White "bdpq"]
[Black "jenyasm"]
[Result "0-1"]
[WhiteElo "1603"]
[BlackElo "1592"]

1. e4 e5 2. d4 exd4 3. Qxd4 Nc6 4. Qe3 d6 5. Bb5 Bd7 6. Nf3 Nf6 7. O-O a6 8. Bd3
Be7 9. Nc3 h6 10. Nd5 Nxd5 11. Qd2 Nf6 12. b3 O-O 13. Ba3 Bg4 14. Qf4 g5 15. Qe3
Qd7 16. e5 dxe5 17. Nxe5 Nxe5 18. Bxe7 Qxe7 19. Rad1 Bxd1 20. Rxd1 Rfe8 21. Qh3
Kg7 22. Re1 Qd7 23. Be2 Qxh3 24. gxh3 Nc6 25. Kf1 Nd4 26. Bc4 Nxc2 27. Rc1 Nb4
28. Be2 Nxa2 29. Rxc7 b5 30. Bf3 Rac8 31. Ra7 Nb4 32. Kg2 Rc3 33. Bd1 Rd3 34.
Bf3 Rxb3 35. h4 gxh4 36. Bd1 Rb2 37. Bf3 Ra2 38. Bb7 a5 39. Bf3 Nc2 40. Bc6 Re5
41. Kf3 Nd4+ 42. Kf4 Nxc6 43. Ra6 Rc5 44. f3 b4 45. Rb6 a4 46. Ke3 b3 47. f4 b2
48. h3 a3 49. Kd3 Ra1 50. Ra6 b1=Q+ 51. Ke3 Qb3+ 52. Kf2 Ra2+ 0-1

[Event "AUTO-INT-3949"]
[Site "http://www.queenalice.com/game.php?id=1864880"]
[Date "2025.10.29"]
[Round "1"]
[White "jenyasm"]
[Black "bdpq"]
[Result "1-0"]
[WhiteElo "1571"]
[BlackElo "1594"]

1. e4 d5 2. exd5 Qxd5 3. Nc3 Qd7 4. Nf3 e6 5. Be2 c6 6. O-O Bb4 7. a3 Bxc3 8.
bxc3 Nf6 9. h3 Ne4 10. c4 O-O 11. d3 Nc3 12. Qd2 Nxe2+ 13. Qxe2 a6 14. Ne5 Qd4
15. Bd2 Nd7 16. Nxd7 Qxd7 17. Qg4 e5 18. Qxd7 Bxd7 19. Rfe1 f6 20. c5 Bf5 21. g4
Be6 22. c3 Rfd8 23. Re3 f5 24. gxf5 Bxf5 25. d4 exd4 26. cxd4 Rxd4 27. Ra2 Rad8
28. Bb4 Rh4 29. Kh2 Rd1 30. Rd2 Rf1 31. Re7 h6 32. Re3 Rc1 33. Rd8+ Kh7 34. Rb8
a5 35. Bxa5 Rxc5 36. Bb4 Rd5 37. Rxb7 c5 38. Bc3 Bg6 39. Rxg7+ Kh8 40. Rxg6+ Kh7
41. Rg7+ Kh8 42. Re8# 1-0

[Event "AUTO-INT-3952"]
[Site "http://www.queenalice.com/game.php?id=1865836"]
[Date "2025.11.19"]
[Round "1"]
[White "jenyasm"]
[Black "dosoldini"]
[Result "0-1"]
[WhiteElo "1640"]
[BlackElo "1597"]

1. e4 e5 2. Nf3 Nc6 3. d3 d6 4. Nc3 Nd4 5. Nxd4 exd4 6. Ne2 Nf6 7. h3 h6 8. Nxd4
Bd7 9. Be2 c5 10. Nf3 Qe7 11. O-O O-O-O 12. a3 Be6 13. Bd2 Qd7 14. b4 Bxh3 15.
gxh3 Qxh3 16. Nh2 h5 17. Bf3 d5 18. exd5 Bd6 19. Re1 Qxh2+ 20. Kf1 Qh3+ 21. Ke2
Rde8+ 22. Be3 Bf4 23. Rh1 Qf5 24. c4 Bxe3 25. fxe3 Qe5 26. e4 g5 27. bxc5 g4 28.
Bg2 Qb2+ 29. Qd2 Qd4 30. c6 bxc6 31. dxc6 Re5 32. a4 Rd8 33. Rhd1 g3 34. Kf3 h4
35. Kf4 Rf5+ 36. Kxf5 Ne8 37. Kg4 f5+ 38. Kxh4 Qe5 39. Kg5 f4+ 40. Kg4 Nf6+ 41.
Kf3 Qh5+ 42. Kxf4 Qg4+ 43. Ke3 Nh5 44. Bf3 Qf4+ 45. Ke2 Qh4 46. Qe1 Qh2+ 47. Ke3
Rg8 48. Qe2 g2 49. Rg1 Qf4+ 50. Kf2 Qg3+ 51. Ke3 Qf4+ 52. Kd4 Qd6+ 53. Kc3 Nf4
54. Qd2 Rg3 55. Bxg2 Rxd3+ 56. Qxd3 Qxd3+ 0-1

[Event "AUTO-INT-3955"]
[Site "http://www.queenalice.com/game.php?id=1867036"]
[Date "2025.12.13"]
[Round "1"]
[White "jenyasm"]
[Black "game"]
[Result "0-1"]
[WhiteElo "1608"]
[BlackElo "1611"]

1. e4 c5 2. Nf3 d6 3. d3 e5 4. h3 Nf6 5. a3 b5 6. g3 Nc6 7. c3 c4 8. d4 Nxe4 9.
Bg2 f5 10. Bg5 Be7 11. Bxe7 Nxe7 12. dxe5 Qb6 13. exd6 Qxf2# 0-1

[Event "AUTO-INT-3955"]
[Site "http://www.queenalice.com/game.php?id=1867037"]
[Date "2025.12.13"]
[Round "1"]
[White "game"]
[Black "jenyasm"]
[Result "0-1"]
[WhiteElo "1683"]
[BlackElo "1618"]

1. e4 e5 2. Nf3 Nc6 3. Bb5 d6 4. d3 a6 5. Bc4 h6 6. d4 exd4 7. Nxd4 Nxd4 8. Qxd4
Nf6 9. O-O g6 10. Rd1 Bg7 11. Qe3 O-O 12. b3 Re8 13. b4 Nxe4 14. Qf3 Nf6 15. Bf4
g5 16. Bd2 Rb8 17. Qb3 Be6 18. b5 axb5 19. Qxb5 c6 20. Qb3 Bxc4 21. Qxc4 d5 22.
Qa4 Ne4 23. c3 Nxd2 24. Nxd2 Bxc3 25. Rab1 Bxd2 26. Rxd2 Qe7 27. Qd1 Qe6 28. g3
b5 29. Qh5 b4 30. Re2 Qd6 31. Kf1 Rxe2 32. Qxe2 d4 33. Qa6 d3 34. Ke1 d2+ 35.
Kd1 Qd5 36. Rb2 b3 37. a3 Rd8 38. Qe2 Qa5 39. Rxd2 Rxd2+ 40. Kc1 Rxe2 0-1

[Event "AUTO-INT-3956"]
[Site "http://www.queenalice.com/game.php?id=1867673"]
[Date "2026.1.7"]
[Round "1"]
[White "JoseMessias"]
[Black "jenyasm"]
[Result "0-1"]
[WhiteElo "1601"]
[BlackElo "1657"]

1. b3 e5 2. Bb2 d6 3. d4 exd4 4. Qxd4 Nf6 5. Qe3+ Be7 6. h3 O-O 7. Qg5 h6 8. Qg3
Bf5 9. c3 Nc6 10. Nd2 d5 11. c4 d4 12. Qf4 Be6 13. e4 Nd7 14. Ngf3 Bf6 15. e5
Ndxe5 16. Bxd4 Nxd4 17. Nxd4 Ng6 18. Qe3 Bxd4 19. Qd3 Bxa1 20. Qc2 Bf6 21. Bd3
Kh7 22. h4 Bxh4 23. Bxg6+ fxg6 24. g3 Bg5 25. f4 Bf6 26. Nf3 Bf5 27. Qf2 Re8+
28. Ne5 Bxe5 29. fxe5 Rxe5+ 30. Kf1 Qd1+ 31. Kg2 Qe2 32. Qxe2 Rxe2+ 33. Kf3 Rxa2
34. g4 Bc2 35. b4 Ra4 36. Rc1 Bb3 37. b5 Bxc4 38. Rh1 Bxb5 39. Rh4 Re8 40. Kg3
Re3+ 41. Kf2 Rd3 42. g5 Ra2+ 43. Ke1 Rb3 44. Rd4 Rb1+ 45. Rd1 Rxd1+ 46. Kxd1
hxg5 0-1

[Event "AUTO-INT-3956"]
[Site "http://www.queenalice.com/game.php?id=1867674"]
[Date "2026.1.7"]
[Round "1"]
[White "jenyasm"]
[Black "JoseMessias"]
[Result "1-0"]
[WhiteElo "1642"]
[BlackElo "1616"]

1. e4 e5 2. Nf3 Nc6 3. d3 d5 4. exd5 Qxd5 5. a3 Bg4 6. Be2 Qa5+ 7. Bd2 Bb4 8.
Bxb4 Nxb4 9. Nc3 Nf6 10. axb4 Qxb4 11. Rb1 O-O-O 12. Nxe5 Bxe2 13. Qxe2 Rhe8 14.
O-O h5 15. f4 g6 16. Qd2 Rd4 17. Nxf7 Qb6 18. Kh1 Ng4 19. g3 Re7 20. Ng5 Qc6+
21. Qg2 Ne3 22. Qxc6 bxc6 23. Rf2 Nxc2 24. Rxc2 Rxd3 25. Nce4 Re8 26. Rxc6 Rd4
27. Rxg6 Kb7 28. Rh6 Rdxe4 29. Nxe4 Rxe4 30. Rxh5 Kb6 31. f5 Re5 32. g4 a5 33.
f6 Re8 34. f7 Rf8 35. Rh7 c5 36. g5 Kb5 37. g6 Kb4 38. Rf1 Kb3 39. Rf2 a4 40.
Rg7 c4 41. Rg8 1-0

[Event "AUTO-INT-3958"]
[Site "http://www.queenalice.com/game.php?id=1868420"]
[Date "2026.1.25"]
[Round "1"]
[White "Jsc"]
[Black "jenyasm"]
[Result "1-0"]
[WhiteElo "1531"]
[BlackElo "1678"]

1. e4 e5 2. Nf3 Nc6 3. d4 exd4 4. Nxd4 d6 5. c3 a6 6. Bd3 h6 7. Be3 Nf6 8. Nd2
Nxd4 9. cxd4 c5 10. dxc5 dxc5 11. Nb3 Qc7 12. Rc1 b6 13. h3 Be6 14. Nd4 Bxa2 15.
Qa4+ Qd7 16. Bb5 1-0